Mad Men reading list Quiz Stats

 Plays Quiz not verified by Sporcle

Score 0/14 Timer 10:00
0 Plays Today
Author Book % Correct
Ayn RandAtlas Shrugged
78.7%
William FaulknerThe Sound and the Fury
39.6%
Leon UrisExodus
37.6%
Ruth BenedictThe Chrysanthemum and the Sword
32.2%
Frank O'HaraMediations in an emergency
31.7%
D.H. LawrenceLady Chatterley's Lover
26.2%
Roger SterlingSterling Gold
17.3%
Author Book % Correct
Mary McCarthyThe Group
10.4%
Katherine Ann PorterShip of Fools
8.4%
F. Scott FitzgeraldBabylon Revisited and Other Stories
3.5%
Rona JaffeThe Best of Everything
3%
David OgilvyConfessions of an Advertising Man
3%
Irving StoneThe Agony and the Ecstasy
3%
Edward GibbonThe History of the Decline and fall of the Roman Empire
0.5%

You're not logged in!

Compare scores with friends on all Sporcle quizzes.
OR
Log In

Show Comments

Extras

Top Quizzes Today


Score Distribution

Your Account Isn't Verified!

In order to create a playlist on Sporcle, you need to verify the email address you used during registration. Go to your Sporcle Settings to finish the process.

Report this User

Report this user for behavior that violates our Community Guidelines.

Details: